000 00549pab a2200217 454500
008 180718b2008 xxu||||| |||| 00| 0 eng d
100 _aMarginez, Romiro, Jr.
245 _aSocial disorganization, drug market activity, and neighborhood violent crime
260 _c2008
300 _ap.846-74.
362 _aJul
650 _aSocial problems
650 _aViolence
650 _aDrugs
650 _aCrime
700 _aMares, Dennis
700 _aRosenfield, Richard
773 _aUrban Affairs Review
908 _aN
909 _a79168
999 _c79168
_d79168